| 000 | 00810nam a2200229 a 4500 | ||
|---|---|---|---|
| 001 | 56476 | ||
| 003 | BD-RjUL | ||
| 005 | 20211209080413.0 | ||
| 008 | 161129s1955 ii ||||| |||| 00| 0 ben d | ||
| 020 | _c: TK 5.00 | ||
| 035 | _a(BD-RjUL)56600 | ||
| 040 |
_aBD-RjUL _bben _cBD-RjUL |
||
| 041 | _aben | ||
| 082 |
_223 _a891.443 _bDEB 1955 |
||
| 100 |
_aদেবী, অনুরূপা _9136174 |
||
| 245 | 1 | 0 |
_aবাগদত্তা শ্রীমতী / _cঅনুরূপা দেবী |
| 260 |
_aকলিকাতা : _bগুরুদাস এন্ড সন্স, _c১৯৫৫ [১৩৬২] |
||
| 300 |
_a৩১৬ পৃ. ; _c১৭ সেমি . |
||
| 650 |
_aবাংলা উপন্যাস _9167973 |
||
| 650 |
_aBengali Fictions _9167974 |
||
| 942 |
_2ddc _cBK |
||
| 999 |
_c56476 _d56476 |
||